000 00397cam a2200157ua 4500
041 _aeng
_h
082 _a828.09
_bRID/SH
100 _aRidler, Anne .
245 _aShakespeare criticism 1919-1935 /
_cAnne ridler.
_hTextual Documents
260 _aLondon :
_bOxford University Press ,
_c1962.
300 _a388 ; .
504 _a
942 _cBK
999 _c4785
_d4785